Nový pomocník Ferokap EP 20 Účinný feromónový prostriedok na signalizáciu víjačiek v skladoch

Bibliographic Details
Main Author: Grman, Juraj (Author)
Format: Article
Language:Slovak
Subjects:

MARC

LEADER 00000nab a2200000 a 4500
001 vtls000253693
003 SK-MaSNL
005 20260304033713.0
008 220422c1986 xo 0 slo
015 |a SNBRB19rr/mm-uuuuu 
035 |a CL0263807 
040 |a SNKBUCL  |b slo  |c SNKBUCL  |e AACR2 
041 0 |a slo 
044 |a xo  |c SK 
080 |a 632.936:577.19  |2 1981 
080 |a 577.19  |2 1981 
080 |a 632.7  |2 1981 
100 1 |a Grman, Juraj  |4 aut  |9 389429 
245 1 0 |a Nový pomocník Ferokap EP 20  |b Účinný feromónový prostriedok na signalizáciu víjačiek v skladoch  |c Juraj Grman 
650 0 7 |a vijačkovité  |2 SNKPH  |9 83806 
650 0 7 |a lapače feromónové  |2 snkbucl  |9 905585 
655 7 |a články z novín a časopisov  |2 snkbucl  |9 267496 
773 0 |t Spravodaj PZN  |g Roč. 18, č. 9 (1986), s. 5 
850 |a Slovenská národná knižnica v Martine  |a MTA001 
852 |a SNK  |b KIS3GCP 
958 |a RK 
958 |a ME 
992 |a RBX 
999 |c 2649331  |d 2651261